| Tag |
First Indicator |
Second Indicator |
Subfields |
| LEADER |
00000cas a2200000 a 4500 |
| 001 |
in00001472011 |
| 005 |
20151021051834.0 |
| 008 |
941013d19932008enkqr p 0 0eng d |
| 010 |
|
|
|a sn 94037119
|
| 022 |
|
|
|a 0968-784X
|
| 030 |
|
|
|a JOFTED
|
| 035 |
|
|
|a (OCoLC)31275957
|
| 035 |
|
|
|9 AJE1827AM
|
| 040 |
|
|
|a MYG
|c MYG
|d CAS
|d UtOrBLW
|
| 042 |
|
|
|a lcd
|
| 049 |
|
|
|a TXAE
|
| 090 |
|
|
|a TC1501
|b .J58
|
| 245 |
0 |
4 |
|a The journal of offshore technology.
|
| 246 |
1 |
0 |
|a Offshore technology
|
| 264 |
|
1 |
|a London :
|b Published for the Institute of Marine Engineers by Marine Management (Holdings),
|c [1993-]
|
| 264 |
|
4 |
|c ©1993-
|
| 300 |
|
|
|a volumes :
|b illustrations ;
|c 30 cm.
|
| 310 |
|
|
|a Quarterly
|
| 336 |
|
|
|a text
|b txt
|2 rdacontent
|
| 337 |
|
|
|a unmediated
|b n
|2 rdamedia
|
| 338 |
|
|
|a volume
|b nc
|2 rdacarrier
|
| 362 |
0 |
|
|a May 1993-
|
| 362 |
1 |
|
|a Ceased in 2008.
|
| 500 |
|
|
|a Title from cover.
|
| 515 |
|
|
|a Issues for <Nov. 1993-May 1994> numbered also: <Vol 1, no 3-vol 2, no 2>.
|
| 500 |
|
|
|a Description based on: May 1996.
|
| 650 |
|
0 |
|a Ocean engineering
|v Periodicals.
|
| 650 |
|
0 |
|a Offshore structures
|x Periodicals.
|
| 710 |
2 |
|
|a Institute of Marine Engineers.
|
| 785 |
0 |
4 |
|t Marine engineers review
|x 0047-5955
|w (DLC) 74613052
|w (OCoLC)1820566
|
| 948 |
|
|
|a c:bs
|
| 999 |
|
|
|a MARS
|
| 999 |
f |
f |
|s 471f8320-34d1-3fce-98a7-48bd6bfa5536
|i e9b54560-50bc-3840-b34d-185b3c3e76d5
|t 0
|
| 952 |
f |
f |
|p ric
|a Texas A&M University
|b Rellis Campus
|c Joint Library Facility
|d Remote Storage
|t 0
|e TC1501 .J58
|h Library of Congress classification
|i unmediated -- volume
|k v.11
|l 2003
|m A14831460418
|
| 952 |
f |
f |
|p ric
|a Texas A&M University
|b Rellis Campus
|c Joint Library Facility
|d Remote Storage
|t 0
|e TC1501 .J58
|h Library of Congress classification
|i unmediated -- volume
|k v.12
|l 2004
|m A14833718689
|
| 952 |
f |
f |
|p ric
|a Texas A&M University
|b Rellis Campus
|c Joint Library Facility
|d Remote Storage
|t 0
|e TC1501 .J58
|h Library of Congress classification
|i unmediated -- volume
|k v.8:no.2-6
|l 2000:Mar.-Nov.
|m A14829294128
|
| 952 |
f |
f |
|p ric
|a Texas A&M University
|b Rellis Campus
|c Joint Library Facility
|d Remote Storage
|t 0
|e TC1501 .J58
|h Library of Congress classification
|i unmediated -- volume
|k v.14:no.1-5
|l 2006:Jan./Feb.-Sept./Oct.
|m A14837117885
|
| 952 |
f |
f |
|p ric
|a Texas A&M University
|b Rellis Campus
|c Joint Library Facility
|d Remote Storage
|t 0
|e TC1501 .J58
|h Library of Congress classification
|i unmediated -- volume
|k v.7:no.1-3
|l 1999:Feb.-June
|m A14826829819
|
| 952 |
f |
f |
|p ric
|a Texas A&M University
|b Rellis Campus
|c Joint Library Facility
|d Remote Storage
|t 0
|e TC1501 .J58
|h Library of Congress classification
|i unmediated -- volume
|k v.9
|l 2001
|m A14829294089
|
| 952 |
f |
f |
|p ric
|a Texas A&M University
|b Rellis Campus
|c Joint Library Facility
|d Remote Storage
|t 0
|e TC1501 .J58
|h Library of Congress classification
|i unmediated -- volume
|k v.5
|l 1997
|m A14824017644
|
| 952 |
f |
f |
|p ric
|a Texas A&M University
|b Rellis Campus
|c Joint Library Facility
|d Remote Storage
|t 0
|e TC1501 .J58
|h Library of Congress classification
|i unmediated -- volume
|k v.13
|l 2005
|m A14834459610
|
| 952 |
f |
f |
|p ric
|a Texas A&M University
|b Rellis Campus
|c Joint Library Facility
|d Remote Storage
|t 0
|e TC1501 .J58
|h Library of Congress classification
|i unmediated -- volume
|k v.4:no.2 -v.4:no.4
|l 1996-1996
|m A14824017694
|
| 952 |
f |
f |
|p ric
|a Texas A&M University
|b Rellis Campus
|c Joint Library Facility
|d Remote Storage
|t 0
|e TC1501 .J58
|h Library of Congress classification
|i unmediated -- volume
|k v.15
|l 2007
|m A14837117893
|
| 952 |
f |
f |
|p ric
|a Texas A&M University
|b Rellis Campus
|c Joint Library Facility
|d Remote Storage
|t 0
|e TC1501 .J58
|h Library of Congress classification
|i unmediated -- volume
|k v.6:no.3-4
|l 1998:Aug-Nov
|m A14825953047
|
| 952 |
f |
f |
|p ric
|a Texas A&M University
|b Rellis Campus
|c Joint Library Facility
|d Remote Storage
|t 0
|e TC1501 .J58
|h Library of Congress classification
|i unmediated -- volume
|k v.10
|l 2002
|m A14831791584
|
| 952 |
f |
f |
|p ric
|a Texas A&M University
|b Rellis Campus
|c Joint Library Facility
|d Remote Storage
|t 0
|e TC1501 .J58
|h Library of Congress classification
|i unmediated -- volume
|k v.16:no.1-4
|l 2008:Jan./Feb.-July/Aug.
|m A14838836212
|
| 998 |
f |
f |
|a TC1501 .J58
|s v.16:no.1-4 (2008:Jan./Feb.-July/Aug.)
|t 0
|l Remote Storage
|